[Event "Berlin SF Neukoelln op 3rd"]
[Site "Berlin"]
[Date "2004.03.12"]
[Round "6"]
[White "Pikovski, Edgar"]
[Black "Dimitrijeski, Kristian"]
[Result "1/2-1/2"]
[WhiteElo "2105"]
[BlackElo "2083"]
[PlyCount "27"]
[EventDate "2004.02.07"]
[EventType "swiss"]
[EventRounds "7"]
[EventCountry "GER"]
[SourceTitle "EXT 2022"]
[Source "ChessBase"]
[SourceDate "2021.10.06"]
[SourceVersion "1"]
[SourceVersionDate "2021.10.06"]
[SourceQuality "1"]

1. c4 Nf6 2. Nc3 g6 3. g3 Bg7 4. Bg2 0-0 5. e4 d6 6. Nf3 e5 7. 0-0 Bg4 8. h3 Bxf3 9. Bxf3 Nc6 10. d3 Nd4 11. Bg2 Nd7 12. Be3 c5 13. Qd2 a6 14. f4 1/2-1/2